• 首页
  • 本馆介绍
  • 公告通知
  • 最新文献
  • 馆藏检索
  • 电子资源
  • 读者导购
  • 参考咨询
  • 我的图书馆
  • 登录
  • 详细信息显示
  • 放入我的书架
  • 预约/预借图书
  • 作者相关作品
  • 分类相关作品
  • 丛书相关作品
  • 出版社相关作品

书目信息

  • 表格格式
  • 工作单格式
  • 卡片格式
题名:
基础会计
    
 
作者: 孟繁金 主编
分册:  
出版信息: 北京   中国财政经济出版社  1998
页数: 311页
开本: 20cm
丛书名:
单 册:
中图分类: F230
科图分类: 29.803
主题词: 会计学--专业学校--教材 , 会计学
电子资源:
ISBN: 7-5005-3754-9
000 00701nam0 2200265 450
001 0198040887
005 20100713015535.0
010    @a7-5005-3754-9@dCNY12.00
011    @a7-5005-3754-9
100    @a19980731d1998 em y0chiy0110 ea
101 0  @achi
102    @aCN@b110000
105    @ay z 000yy
106    @ar
200 1  @a基础会计@9Ji Chu Hui;Kuai Ji @f孟繁金主编
210    @a北京@c中国财政经济出版社@d1998
215    @a311页@d20cm
300    @a中等财经学校教材
606 0  @a会计学@x专业学校@x教材
606 0  @a会计学
690    @aF230@v3
692    @a29.803@v2
701  0 @a孟繁金@9meng fan jin@4主编
801  0 @aCN@b91MARC@c20130904
905    @aBZT@dF230@e2696@f18@sF230/2696
    
    基础会计/孟繁金主编.-北京:中国财政经济出版社,1998
    311页;20cm
    中等财经学校教材
    
    ISBN 7-5005-3754-9:CNY12.00
    
●
相关链接 在五车中查询图书 在当当中查询图书 在豆瓣中查询图书


正题名:基础会计     索取号:F230/2696         预约/预借

序号 登录号 条形码 馆藏地/架位号 状态 备注
1 2000145793   2000145793   旧书回溯/ [索取号:F230/2696] 在馆    
2 2000145794   2000145794   旧书回溯/ [索取号:F230/2696] 在馆    
3 2000145795   2000145795   旧书回溯/ [索取号:F230/2696] 在馆    
4 2000145796   2000145796   旧书回溯/ [索取号:F230/2696] 在馆    
5 2000145797   2000145797   旧书回溯/ [索取号:F230/2696] 在馆    
6 2000145798   2000145798   旧书回溯/ [索取号:F230/2696] 在馆    
7 2000145799   2000145799   旧书回溯/ [索取号:F230/2696] 在馆    
8 2000146252   2000146252   旧书回溯/ [索取号:F230/2696] 在馆    
9 2000146253   2000146253   旧书回溯/ [索取号:F230/2696] 在馆    
10 2000146275   2000146275   旧书回溯/ [索取号:F230/2696] 在馆    
11 2000146731   2000146731   旧书回溯/ [索取号:F230/2696] 在馆    
12 2000146732   2000146732   旧书回溯/ [索取号:F230/2696] 在馆    
13 2000146733   2000146733   旧书回溯/ [索取号:F230/2696] 在馆    
14 2000146734   2000146734   旧书回溯/ [索取号:F230/2696] 在馆    
15 2000146735   2000146735   旧书回溯/ [索取号:F230/2696] 在馆    
16 2000146736   2000146736   旧书回溯/ [索取号:F230/2696] 在馆    
17 2000146737   2000146737   旧书回溯/ [索取号:F230/2696] 在馆    
18 2000146738   2000146738   旧书回溯/ [索取号:F230/2696] 在馆    
山东省滨州职业学院图书馆 欢迎您!
大连网信软件有限公司© 版权所有